00715nam a22002417a 4500003000500000005001700005008004100022010001000063011001000073020001800083035001100101040000900112082001700121100002100138245010600159260003300265300002500298650002500323650003300348650004100381700002900422700002200451CHAP20220329143521.0100324s2008 us r 00010 eng d a97867 a98839 a9780387781709 a109524 cCHAP04a519.536bB541 aBivand, Roger S.10aApplied spatial data analysis with Rc/por Roger S. Bivand, Edzer J. Pebesma y Virgilio Gómez Rubio aNew York :bSpringer,cc2008 axiv, 374 p. :bilus.04aAnálisis espacial.04aLenguajes de programación.04aProcesamiento automático de datos.1 aGómez Rubio, Virgilio.1 aPebesma, Edzer J.